The Christ of the Mount: (Record no. 7412)

000 -LEADER
fixed length control field 00596nam a2200181 a 4500
001 - CONTROL NUMBER
control field :::00005173$&:&@@
003 - CONTROL NUMBER IDENTIFIER
control field OkBaRHE
005 - DATE AND TIME OF LATEST TRANSACTION
control field 20100401144947.0
008 - FIXED-LENGTH DATA ELEMENTS--GENERAL INFORMATION
fixed length control field s1931 j 000 0 eng u
040 ## - CATALOGING SOURCE
Transcribing agency
100 1# - MAIN ENTRY--PERSONAL NAME
Personal name Jones, E. Stanley (Eli Stanley), 1884-1973.
245 14 - TITLE STATEMENT
Title The Christ of the Mount:
Remainder of title a working philosophy of life.
260 ## - PUBLICATION, DISTRIBUTION, ETC. (IMPRINT)
Place of publication, distribution, etc New York, NY., :
Name of publisher, distributor, etc Abingdon Press
Date of publication, distribution, etc c1931
300 ## - PHYSICAL DESCRIPTION
Extent 332 p. ;
Dimensions 20 cm.
650 ## - SUBJECT ADDED ENTRY--TOPICAL TERM
Topical term or geographic name as entry element Sermon on the Mount
942 ## - ADDED ENTRY ELEMENTS (KOHA)
Source of classification or shelving scheme
Koha item type Books
Copies
Lost status Withdrawn status Copy number Barcode Date last seen Damaged status Price effective from Permanent Location Koha item type Shelving location Date acquired Source of classification or shelving scheme Full call number Not for loan
  151732010-04-14 2010-04-14RHEMA Bible Training CollegeBooksGeneral Stacks2010-04-14 BT 380 .J6 1931